Central Library OPAC University of Rajshahi

Planning with social justice : (Record no. 20323)

MARC details
000 -LEADER
fixed length control field 00812nam a2200265 i 4500
001 - CONTROL NUMBER
control field 20323
003 - CONTROL NUMBER IDENTIFIER
rucl marc code BD-RjUL
005 - DATE AND TIME OF LATEST TRANSACTION
control field 20211209000541.0
008 - FIXED-LENGTH DATA ELEMENTS--GENERAL INFORMATION
fixed length control field 140227s1979 bg b 000 0 eng d
020 ## - INTERNATIONAL STANDARD BOOK NUMBER
Terms of availability : Tk. 75.00 (Cloth with Jacket)
035 ## - SYSTEM CONTROL NUMBER
System control number (BD-RjUL)20385
040 ## - CATALOGING SOURCE
Original cataloging agency DLC
Transcribing agency DLC
Modifying agency BD-RjUL
Language of cataloging eng
041 ## - LANGUAGE CODE
Language code of text/sound track or separate title eng
082 00 - DEWEY DECIMAL CLASSIFICATION NUMBER
Classification number 338.95492
Author mark and year SHP 1979
100 1# - MAIN ENTRY--PERSONAL NAME
Personal name Sharif, M. Raihan
9 (RLIN) 62648
245 10 - TITLE STATEMENT
Title Planning with social justice :
Remainder of title The Bangladesh case /
Statement of responsibility, etc. by M. Raihan Sharif.
250 ## - EDITION STATEMENT
Edition statement 1st ed.
260 ## - PUBLICATION, DISTRIBUTION, ETC. (IMPRINT)
Place of publication, distribution, etc. Dacca :
Name of publisher, distributor, etc. Bangladesh Books International,
Date of publication, distribution, etc. 1979.
300 ## - PHYSICAL DESCRIPTION
Pagination v, 324 p. ;
Size 22 cm.
504 ## - BIBLIOGRAPHY, ETC. NOTE
Bibliography, etc Bibliography: p. [322]-324.
650 #0 - SUBJECT ADDED ENTRY--TOPICAL TERM
Topical term or geographic name as entry element Rural development
Geographic subdivision Bangladesh.
9 (RLIN) 62649
651 #0 - SUBJECT ADDED ENTRY--GEOGRAPHIC NAME
Geographic name Bangladesh
General subdivision Economic policy.
9 (RLIN) 8470
942 ## - ADDED ENTRY ELEMENTS (KOHA)
Source of classification or shelving scheme Dewey Decimal Classification
Koha item type Books
Holdings
Lost status Source of classification or shelving scheme Damaged status Not for loan Collection code Permanent Location Current Location Shelving location Date acquired Source of acquisition Cost, normal purchase price Total Checkouts Full call number Date last seen Date checked out Copy number Koha item type
  Dewey Decimal Classification     Non-fiction Central Library, University of Rajshahi Central Library, University of Rajshahi   26/07/1979 Bandladesh Book Int. 75.00 1 338.95492 SHP 1979 11/04/2019 09/04/2019 C-3 Books
  Dewey Decimal Classification     Non-fiction Central Library, University of Rajshahi Central Library, University of Rajshahi   26/07/1979 Bangladesh BookInt,Dacca 75.00   338.95492 SHP 1979 26/07/2016   C-4 Books
  Dewey Decimal Classification   Not For Loan Non-fiction Central Library, University of Rajshahi Central Library, University of Rajshahi Reading Room 26/07/1979 Dacca, Bangladesh Books International 75.00   338.95492 SHP 1979 01/09/2021   C-1 Books